Statistics for British Saints

Click here to take the quiz!

General Stats

  • This quiz has been taken 118 times
  • The average score is 5 of 15

Answer Stats

HintAnswer% Correct
The main patron saint of IrelandSaint Patrick
94%
Patron saint of ScotlandSaint Andrew
93%
Patron saint of EnglandSaint George
90%
Patron saint of WalesSaint David
76%
Patron saint of LondonSaint Paul
28%
King of East Anglia, executed by the DanesSaint Edmund
17%
A third patron saint of Ireland, from Derry, saint of bookbindingSaint Columba
14%
Another patron saint of Ireland, from KildareSaint Brigit
13%
Patron saint of EdinburghSaint Giles
10%
Scottish saint, patron saint of adopted childrenSaint William of Perth
9%
Saint associated with a healing spring at HolywellSaint Winifred
7%
Patron saint of tin miners and CornwallSaint Piran
6%
The Welsh patron saint of loversSaint Dwynwen
4%
Patron saint of GlamisSaint Fergus
3%
Patron saint of Isle of ManSaint Maughold
2%

Score Distribution

Percentile by Number Answered

Percent of People with Each Score

Your Score History

You have not taken this quiz